[Event "33. Copenhagen Open (Politiken Cup)"]
[Site "Elsinore"]
[Date "2011.08.03"]
[Round "6"]
[White "Aabling Thomsen, Jakob"]
[Black "Gershenov, Ben"]
[Result "1-0"]
[WhiteElo "2325"]
[BlackElo "2106"]
[PlyCount "111"]
[EventDate "2011.07.30"]
[EventType "swiss"]
[EventRounds "10"]
[EventCountry "DEN"]
[Source "ChessBase"]
[SourceDate "2011.08.29"]

1. e4 e6 2. Nf3 d5 3. Nc3 Nf6 4. e5 Nfd7 5. d4 c5 6. dxc5 Nc6 7. Bf4 Bxc5 8.
Bd3 f6 9. exf6 Nxf6 10. Qe2 O-O 11. O-O-O a6 12. Rhe1 Qa5 13. Kb1 b5 14. Ne5
Nd4 15. Qd2 b4 16. Ne2 Nb5 17. Ka1 Nd6 18. f3 Qb6 19. Nc1 Nf7 20. Nxf7 Rxf7 21.
Be5 Nd7 22. Nb3 Nxe5 23. Nxc5 Nc4 24. Bxc4 Qxc5 25. Bd3 a5 26. Qg5 a4 27. Qh5
g6 28. Qe5 a3 29. b3 Ba6 30. Kb1 Bxd3 31. cxd3 Re8 32. Rc1 Qb6 33. Qe3 Qb8 34.
Qe5 Qb5 35. Red1 Qb6 36. d4 Qa6 37. Qe1 Qb6 38. Rc5 Qb8 39. Qg3 Rf4 40. Qe1 Rf5
41. Rd2 Qf4 42. Qc1 Rf7 43. h3 Ree7 44. Rd1 Qf5+ 45. Qc2 Rc7 46. Re1 Rxc5 47.
Qxf5 gxf5 48. dxc5 Re7 49. Kc2 Kf7 50. Kd3 e5 51. f4 exf4 52. Rxe7+ Kxe7 53.
Kd4 Ke6 54. c6 Kd6 55. c7 Kxc7 56. Kxd5 1-0

[Event "33. Copenhagen Open (Politiken Cup)"]
[Site "Elsinore"]
[Date "2011.08.03"]
[Round "6"]
[White "Aartun, Eivind"]
[Black "Hojgaard, Brandur"]
[Result "1/2-1/2"]
[WhiteElo "1747"]
[BlackElo "1480"]
[PlyCount "109"]
[EventDate "2011.07.30"]
[EventType "swiss"]
[EventRounds "10"]
[EventCountry "DEN"]
[Source "ChessBase"]
[SourceDate "2011.08.29"]

1. e4 c5 2. Nf3 Nc6 3. d4 cxd4 4. Nxd4 a6 5. Bc4 d6 6. O-O Nf6 7. Nxc6 bxc6 8.
e5 Ne4 9. Bxf7+ Kxf7 10. Qf3+ Nf6 11. exf6 gxf6 12. Qxc6 Rb8 13. Qd5+ e6 14.
Qh5+ Ke7 15. Nc3 Rb4 16. Re1 Bb7 17. Nd5+ Bxd5 18. Qxd5 Qc8 19. c3 Rg4 20. g3
h5 21. Bf4 Kf7 22. Qd2 Qc6 23. Rad1 e5 24. Be3 Rhg8 25. Qd5+ Qxd5 26. Rxd5 Ra4
27. a3 Be7 28. Bc1 Rb8 29. b4 Ke6 30. Red1 a5 31. Bb2 f5 32. Kf1 h4 33. gxh4
axb4 34. axb4 Rh8 35. Rb5 Rxh4 36. Kg2 Ra8 37. h3 Rg8+ 38. Kh2 Rgh8 39. Rd3 Bg5
40. Rb6 Bf4+ 41. Kg2 e4 42. Rd1 Rg8+ 43. Kf1 Rxh3 44. c4 Rh1+ 45. Ke2 Rxd1 46.
Kxd1 Be5 47. Bxe5 Kxe5 48. Ke2 Rc8 49. Rb5+ Ke6 50. c5 dxc5 51. bxc5 f4 52. Rb4
Ke5 53. f3 e3 54. Re4+ Kf5 55. Rc4 1/2-1/2

[Event "33. Copenhagen Open (Politiken Cup)"]
[Site "Elsinore"]
[Date "2011.08.03"]
[Round "6"]
[White "Akdag, Dara Sevkan"]
[Black "Schmitt, Carsten"]
[Result "1-0"]
[WhiteElo "2201"]
[BlackElo "1959"]
[PlyCount "63"]
[EventDate "2011.07.30"]
[EventType "swiss"]
[EventRounds "10"]
[EventCountry "DEN"]
[Source "ChessBase"]
[SourceDate "2011.08.29"]

1. Nf3 Nf6 2. g3 d5 3. Bg2 e6 4. O-O c5 5. c4 Nc6 6. cxd5 exd5 7. d4 Be7 8. Nc3
O-O 9. Bg5 c4 10. b3 Qa5 11. Qc2 Be6 12. Rfd1 Rfc8 13. bxc4 Nb4 14. Qd2 Rxc4
15. Ne5 Rc7 16. Rac1 Rac8 17. h3 Qa3 18. Nb5 Qxc1 19. Rxc1 Rxc1+ 20. Kh2 R1c2
21. Qe3 Rxa2 22. Nd7 Rcc2 23. Bf3 Nc6 24. Nxf6+ gxf6 25. Bh6 a6 26. Nc7 Nxd4
27. Qxd4 Rxc7 28. Bxd5 Rxe2 29. Bxe6 fxe6 30. Qg4+ Kf7 31. Qh5+ Kg8 32. Qe8+
1-0

[Event "33. Copenhagen Open (Politiken Cup)"]
[Site "Elsinore"]
[Date "2011.08.03"]
[Round "6"]
[White "Amarapala, Sherington"]
[Black "Hansen, Rolf Stig"]
[Result "1/2-1/2"]
[WhiteElo "1709"]
[BlackElo "1918"]
[PlyCount "51"]
[EventDate "2011.07.30"]
[EventType "swiss"]
[EventRounds "10"]
[EventCountry "DEN"]
[Source "ChessBase"]
[SourceDate "2011.08.29"]

1. e4 e6 2. d4 d5 3. e5 c5 4. c3 Nc6 5. Nf3 Bd7 6. b3 Qc7 7. Bb2 f6 8. exf6
gxf6 9. c4 O-O-O 10. Nbd2 Qb6 11. Rc1 Kb8 12. Be2 cxd4 13. cxd5 exd5 14. O-O
Bf5 15. Nh4 Be4 16. Ndf3 Bh6 17. Ra1 Bg5 18. Nxg5 fxg5 19. Nf3 Bxf3 20. Bxf3
Nf6 21. Re1 Rde8 22. Qd2 h6 23. Rad1 Ne4 24. Bxe4 Rxe4 25. Rxe4 dxe4 26. Bxd4
1/2-1/2

[Event "33. Copenhagen Open (Politiken Cup)"]
[Site "Elsinore"]
[Date "2011.08.03"]
[Round "6"]
[White "Ambrosanio, Raffaele"]
[Black "Rasmussen, Henning Lau"]
[Result "1-0"]
[WhiteElo "1967"]
[BlackElo "1829"]
[PlyCount "65"]
[EventDate "2011.07.30"]
[EventType "swiss"]
[EventRounds "10"]
[EventCountry "DEN"]
[Source "ChessBase"]
[SourceDate "2011.08.29"]

1. c4 Nf6 2. Nf3 g6 3. Nc3 Bg7 4. g3 b6 5. Bg2 Bb7 6. O-O O-O 7. d4 d6 8. Bg5
h6 9. Bd2 Nbd7 10. Qc1 Kh7 11. Ng5+ hxg5 12. Bxb7 Rb8 13. Bg2 g4 14. Qc2 Bh6
15. Rfd1 Bxd2 16. Rxd2 Kg7 17. f4 gxf3 18. exf3 e5 19. Nb5 a6 20. dxe5 axb5 21.
exf6+ Qxf6 22. cxb5 Nc5 23. Rad1 Rh8 24. f4 Rbe8 25. b4 Ne6 26. Bc6 Re7 27. a4
Nd8 28. Bd5 Rhe8 29. Kf2 Rh8 30. Kg2 Rhe8 31. a5 bxa5 32. bxa5 Ne6 33. Bc6 1-0

[Event "33. Copenhagen Open (Politiken Cup)"]
[Site "Elsinore"]
[Date "2011.08.03"]
[Round "6"]
[White "Andersen, Claus"]
[Black "Rosell, Sven"]
[Result "0-1"]
[WhiteElo "1811"]
[BlackElo "1979"]
[PlyCount "76"]
[EventDate "2011.07.30"]
[EventType "swiss"]
[EventRounds "10"]
[EventCountry "DEN"]
[Source "ChessBase"]
[SourceDate "2011.08.29"]

1. d4 Nf6 2. c4 g6 3. Nc3 Bg7 4. g3 d6 5. Bg2 O-O 6. Nf3 Nbd7 7. O-O e5 8. Bg5
exd4 9. Nxd4 h6 10. Bxf6 Qxf6 11. e3 Ne5 12. Nd5 Qd8 13. Qc2 c6 14. Nf4 Qe7 15.
h3 Bd7 16. Rad1 Rab8 17. b3 a6 18. Rd2 Rfd8 19. Rfd1 c5 20. Nd5 Qf8 21. Nf3 Bf5
22. Qc1 b5 23. g4 Be6 24. cxb5 axb5 25. Nxe5 Bxe5 26. Nc7 Rd7 27. Nxb5 Rxb5 28.
Bc6 Rb6 29. Bxd7 Bxd7 30. f4 Bf6 31. Qa3 Qe7 32. Qa8+ Kg7 33. Qf3 Bc6 34. Qe2
Bb7 35. Rc1 Qe4 36. Kh2 Bh4 37. Rdd1 Ba6 38. Qg2 Qxe3 0-1

[Event "33. Copenhagen Open (Politiken Cup)"]
[Site "Elsinore"]
[Date "2011.08.03"]
[Round "6"]
[White "Andersen, Guttorm"]
[Black "Kyrkjebo, Hanna Bakken"]
[Result "1-0"]
[WhiteElo "1768"]
[BlackElo "1518"]
[PlyCount "167"]
[EventDate "2011.07.30"]
[EventType "swiss"]
[EventRounds "10"]
[EventCountry "DEN"]
[Source "ChessBase"]
[SourceDate "2011.08.29"]

1. d4 d5 2. c4 c6 3. Nf3 Nf6 4. Nc3 a6 5. c5 Nbd7 6. Bf4 e6 7. h3 Be7 8. e3 O-O
9. Bd3 a5 10. a3 b6 11. b4 bxc5 12. bxc5 Ba6 13. O-O Qc8 14. Rb1 Bxd3 15. Qxd3
Bd8 16. Ne5 Nxe5 17. Bxe5 Nd7 18. Bd6 Re8 19. Bg3 Bc7 20. Bh4 e5 21. f3 exd4
22. Qxd4 Be5 23. Qd2 Nxc5 24. Rfc1 Bd6 25. Bf2 Qd7 26. Rd1 Red8 27. e4 dxe4 28.
Kh1 Qe7 29. Re1 Nd3 30. Rxe4 Nxf2+ 31. Qxf2 Qf6 32. Rc4 Bxa3 33. Ne4 Qe6 34.
Qc2 Bb4 35. Rxc6 Qd5 36. Rc7 h6 37. Qc1 Qf5 38. Qc6 Re8 39. Qa4 Red8 40. Qc2
Qe5 41. Qc4 Qd5 42. Qc2 f5 43. Ng3 Bd6 44. Nxf5 Bf8 45. Nxh6+ Kh8 46. Nf7+ Kg8
47. Nxd8 Rxd8 48. Qc4 Qxc4 49. Rxc4 Ra8 50. Ra4 Bd6 51. Kg1 Kf8 52. Kf2 Bc7 53.
f4 Rd8 54. Rb3 Rd2+ 55. Kf3 Ke7 56. g3 Kf6 57. Kg4 Rd5 58. Rc3 Bd8 59. Rc6+ Kf7
60. Ra6 Rc5 61. Rd4 Be7 62. Rd7 Ke8 63. Raa7 Bf8 64. Rdc7 Rd5 65. Rc8+ Rd8 66.
Rxd8+ Kxd8 67. Rxa5 Ke7 68. Ra8 Kf7 69. Rxf8+ Kxf8 70. Kg5 Kf7 71. Kf5 g6+ 72.
Kg5 Kg7 73. g4 Kf7 74. Kh6 Kf6 75. h4 Kf7 76. g5 Kg8 77. Kxg6 Kh8 78. f5 Kg8
79. f6 Kh8 80. Kf7 Kh7 81. g6+ Kh6 82. g7 Kh7 83. g8=Q+ Kh6 84. Qh8# 1-0

[Event "33. Copenhagen Open (Politiken Cup)"]
[Site "Elsinore"]
[Date "2011.08.03"]
[Round "6"]
[White "Andersen, Mads"]
[Black "Gustafsson, Jan"]
[Result "0-1"]
[WhiteElo "2422"]
[BlackElo "2634"]
[PlyCount "92"]
[EventDate "2011.07.30"]
[EventType "swiss"]
[EventRounds "10"]
[EventCountry "DEN"]
[Source "ChessBase"]
[SourceDate "2011.08.29"]

1. e4 e5 2. Nf3 Nc6 3. Bb5 Nf6 4. O-O Nxe4 5. d4 Nd6 6. Bxc6 dxc6 7. dxe5 Nf5
8. Qxd8+ Kxd8 9. Nc3 Ke8 10. h3 Be6 11. Re1 Bb4 12. Bd2 Rd8 13. a3 Bxc3 14.
Bxc3 Bd5 15. g4 Ne7 16. Re3 h5 17. Kg2 hxg4 18. hxg4 Be6 19. Kg3 Nd5 20. Rd3
Nxc3 21. Rxc3 Ke7 22. Re1 Rh6 23. Ng5 Bd5 24. Nh3 Be6 25. f3 Rd2 26. Nf2 Rh8
27. Rh1 Rxh1 28. Nxh1 Ba2 29. b4 Bb1 30. b5 Rxc2 31. Rb3 Ba2 32. bxc6 b6 33.
Re3 b5 34. Nf2 a5 35. Re4 Bd5 36. Rd4 Bxc6 37. Nd1 Re2 38. Kf4 g5+ 39. Kf5 Bxf3
40. Nc3 Rb2 41. Rd3 Bc6 42. Nd1 Re2 43. Rc3 Bd7+ 44. Kxg5 Rxe5+ 45. Kf4 Re1 46.
Ne3 c6 0-1

[Event "33. Copenhagen Open (Politiken Cup)"]
[Site "Elsinore"]
[Date "2011.08.03"]
[Round "6"]
[White "Andersen, Troels Baekgaard"]
[Black "Hansen, Verner"]
[Result "1-0"]
[WhiteElo "1620"]
[BlackElo "1915"]
[PlyCount "128"]
[EventDate "2011.07.30"]
[EventType "swiss"]
[EventRounds "10"]
[EventCountry "DEN"]
[Source "ChessBase"]
[SourceDate "2011.08.29"]

1. Nf3 Nf6 2. d4 d5 3. c4 c6 4. e3 Bf5 5. Nc3 e6 6. Qb3 Qb6 7. c5 Qxb3 8. axb3
Nbd7 9. b4 Be7 10. b5 O-O 11. bxc6 bxc6 12. Ra6 Nb8 13. Ra3 Nbd7 14. Ba6 Rfb8
15. O-O e5 16. Re1 Ne4 17. Nxe4 Bxe4 18. Rc3 Bxf3 19. gxf3 Rb4 20. Rd1 Rab8 21.
Bd3 g6 22. Bc2 Bf6 23. Rcd3 Rc4 24. Rc3 Rcb4 25. Rcd3 exd4 26. exd4 Rc4 27. Bb3
Rcb4 28. Bc2 a5 29. b3 Nf8 30. Bb2 Ne6 31. Bc3 R4b5 32. Ra1 Nf4 33. Re3 Ne6 34.
Rd3 Ra8 35. Ra4 Kg7 36. b4 Bd8 37. Re3 Bc7 38. Bd3 Rb7 39. Bf1 Rba7 40. b5 cxb5
41. Bxb5 Rb8 42. Bf1 Rab7 43. Ra1 Rb1 44. Rxb1 Rxb1 45. Re1 Rxe1 46. Bxe1 Kf8
47. Bc3 Ke7 48. Bb5 Nf4 49. Kf1 Kf6 50. Bd2 Ne6 51. Bc6 Nxd4 52. Bxd5 Ke7 53.
Kg2 Ne6 54. Bb3 Nxc5 55. Ba2 a4 56. Bb4 Bd6 57. Bc3 a3 58. Bb4 Nd3 59. Bxd6+
Kxd6 60. Bxf7 Nb4 61. Kg3 a2 62. Bxa2 Nxa2 63. Kg4 h6 64. h4 Ke6 1-0

[Event "33. Copenhagen Open (Politiken Cup)"]
[Site "Elsinore"]
[Date "2011.08.03"]
[Round "6"]
[White "Andreassen, Jonas"]
[Black "Thingstad, Tormod"]
[Result "0-1"]
[WhiteElo "1000"]
[BlackElo "1144"]
[PlyCount "37"]
[EventDate "2011.07.30"]
[EventType "swiss"]
[EventRounds "10"]
[EventCountry "DEN"]
[Source "ChessBase"]
[SourceDate "2011.08.29"]

1. e4 e5 2. Nf3 d6 3. h3 Nf6 4. Nc3 Be7 5. Bc4 O-O 6. d4 exd4 7. Nxd4 Nbd7 8.
Nd5 Nxe4 9. Nxe7+ Qxe7 10. Qe2 Qe5 11. f3 Qg3+ 12. Kf1 Nef6 13. h4 Ne5 14. Rh3
Bxh3 15. gxh3 Qxh3+ 16. Ke1 Rfe8 17. Kd1 Nxc4 18. Qxc4 Qxh4 19. Qd3 0-1

[Event "33. Copenhagen Open (Politiken Cup)"]
[Site "Elsinore"]
[Date "2011.08.03"]
[Round "6"]
[White "Antonsen, Mikkel"]
[Black "Tuhrim, Richard"]
[Result "1/2-1/2"]
[WhiteElo "2471"]
[BlackElo "2163"]
[PlyCount "64"]
[EventDate "2011.07.30"]
[EventType "swiss"]
[EventRounds "10"]
[EventCountry "DEN"]
[Source "ChessBase"]
[SourceDate "2011.08.29"]

1. d4 Nf6 2. c4 c5 3. d5 e6 4. Nc3 exd5 5. cxd5 d6 6. e4 g6 7. Nge2 Bg7 8. Ng3
O-O 9. Be2 Na6 10. O-O Nc7 11. Bf4 Re8 12. f3 Rb8 13. Qd2 b5 14. a3 a5 15. a4
Ba6 16. axb5 Nxb5 17. Rfe1 h5 18. Nh1 Nxc3 19. bxc3 Bxe2 20. Rxe2 Qb6 21. Nf2
Nd7 22. Ree1 Ne5 23. Qa2 Ra8 24. Reb1 Qa6 25. Qa4 Reb8 26. Rxb8+ Rxb8 27. h3
Qe2 28. Bg3 Rb2 29. Qd1 Qc4 30. f4 Qxc3 31. Kh2 Nc4 32. Rc1 Qd4 1/2-1/2

[Event "33. Copenhagen Open (Politiken Cup)"]
[Site "Elsinore"]
[Date "2011.08.03"]
[Round "6"]
[White "Aranovitch, Emiliano"]
[Black "Danielsen, Henrik"]
[Result "0-1"]
[WhiteElo "2328"]
[BlackElo "2535"]
[PlyCount "112"]
[EventDate "2011.07.30"]
[EventType "swiss"]
[EventRounds "10"]
[EventCountry "DEN"]
[Source "ChessBase"]
[SourceDate "2011.08.29"]

1. e4 d6 2. d4 Nf6 3. Nc3 g6 4. Be3 c6 5. h3 Nbd7 6. f4 e5 7. Nf3 Qc7 8. Bd3 b5
9. O-O Be7 10. dxe5 dxe5 11. fxe5 Nxe5 12. Nxe5 Qxe5 13. Bf4 Qd4+ 14. Kh1 O-O
15. e5 Nd5 16. Nxd5 Qxd5 17. Qe2 Be6 18. Be4 Qc5 19. Qf3 Rac8 20. a4 b4 21.
Rad1 Rfd8 22. Rxd8+ Rxd8 23. Rd1 Rxd1+ 24. Qxd1 Qf2 25. Qd2 Qxd2 26. Bxd2 c5
27. Be3 Kf8 28. Kg1 Ke8 29. Kf2 Kd7 30. Kf3 b3 31. c3 Kc7 32. Ke2 Bc4+ 33. Kd2
Kb6 34. Bf4 h5 35. Ke3 Be6 36. Kd2 Ka5 37. Bc6 a6 38. Be3 Bc4 39. Bf4 Kb6 40.
Be4 Bf8 41. Bg5 Bg7 42. Bd8+ Ka7 43. Bc7 Bh6+ 44. Kd1 Be6 45. a5 c4 46. Bd6 Bf4
47. Bf3 h4 48. Be4 f5 49. Bc6 g5 50. Bc7 g4 51. Bd8 Bg3 52. Ke2 Bxe5 53. hxg4
Bxc3 54. gxf5 Bxf5 55. Bd5 Bd3+ 56. Kd1 Bxb2 0-1

[Event "33. Copenhagen Open (Politiken Cup)"]
[Site "Elsinore"]
[Date "2011.08.03"]
[Round "6"]
[White "Asmund, Erik"]
[Black "Londalen, Sindre"]
[Result "1/2-1/2"]
[WhiteElo "1739"]
[BlackElo "1000"]
[PlyCount "49"]
[EventDate "2011.07.30"]
[EventType "swiss"]
[EventRounds "10"]
[EventCountry "DEN"]
[Source "ChessBase"]
[SourceDate "2011.08.29"]

1. b4 e5 2. Bb2 e4 3. e3 d5 4. a3 Nf6 5. c4 c6 6. h3 Be6 7. c5 g6 8. Ne2 Bg7 9.
Nd4 Qe7 10. Nc3 a6 11. Nce2 O-O 12. Qc2 Nbd7 13. Nf4 a5 14. Be2 axb4 15. axb4
Rxa1+ 16. Bxa1 Ra8 17. O-O Ne8 18. Nfxe6 fxe6 19. Nb3 Bxa1 20. Rxa1 Rxa1+ 21.
Nxa1 b6 22. Nb3 Nef6 23. d3 bxc5 24. bxc5 e5 25. d4 1/2-1/2

[Event "33. Copenhagen Open (Politiken Cup)"]
[Site "Elsinore"]
[Date "2011.08.03"]
[Round "6"]
[White "Astrom, Lars"]
[Black "Mortensen, Henrik"]
[Result "1-0"]
[WhiteElo "1871"]
[BlackElo "2024"]
[PlyCount "47"]
[EventDate "2011.07.30"]
[EventType "swiss"]
[EventRounds "10"]
[EventCountry "DEN"]
[Source "ChessBase"]
[SourceDate "2011.08.29"]

1. e4 Nf6 2. e5 Nd5 3. d4 d6 4. Nf3 Bg4 5. Be2 c6 6. O-O Bxf3 7. Bxf3 dxe5 8.
dxe5 e6 9. c4 Ne7 10. Qe2 Ng6 11. Nc3 Nd7 12. Bh5 Qc7 13. f4 O-O-O 14. Be3 Be7
15. Rab1 Rhf8 16. b4 Nh4 17. Rfc1 Nxe5 18. Nb5 cxb5 19. cxb5 Nc6 20. bxc6 b6
21. a4 g6 22. Qa6+ Kb8 23. a5 b5 24. Bb6 1-0

[Event "33. Copenhagen Open (Politiken Cup)"]
[Site "Elsinore"]
[Date "2011.08.03"]
[Round "6"]
[White "Bauder, Herbert"]
[Black "Overas, Jan Magne"]
[Result "1/2-1/2"]
[WhiteElo "1971"]
[BlackElo "1503"]
[PlyCount "156"]
[EventDate "2011.07.30"]
[EventType "swiss"]
[EventRounds "10"]
[EventCountry "DEN"]
[Source "ChessBase"]
[SourceDate "2011.08.29"]

1. d4 d5 2. Nf3 c6 3. c4 Nf6 4. Nc3 e6 5. Bg5 Be7 6. e3 Ne4 7. Bxe7 Qxe7 8. Qc2
f5 9. Bd3 Nd7 10. O-O O-O 11. Rad1 Rf6 12. Ne5 Rh6 13. g3 Qg5 14. f4 Qh5 15.
Bxe4 fxe4 16. Nxd7 Bxd7 17. c5 Qf5 18. Rf2 Be8 19. Qb3 Rb8 20. Qa4 a6 21. Qa5
Rc8 22. Qb6 Qf7 23. Rdd2 Qe7 24. Qb3 Bh5 25. Qa3 Bf3 26. b4 Rf8 27. Kf1 g5 28.
fxg5 Qxg5 29. Ne2 Bxe2+ 30. Rdxe2 Rhf6 31. Rf4 e5 32. dxe5 Qxe5 33. Qb2 Qxb2
34. Rxb2 Rxf4+ 35. gxf4 d4 36. Rg2+ Kh8 37. exd4 Rxf4+ 38. Ke2 Rh4 39. Ke3 h6
40. a4 Rh3+ 41. Kxe4 Rb3 42. b5 axb5 43. axb5 Rxb5 44. Kf5 Rb4 45. Rg4 b6 46.
cxb6 Rxb6 47. Ke5 h5 48. Rg5 Rb5+ 49. Kf6 Rb4 50. Rxh5+ Kg8 51. Rg5+ Kf8 52.
Ra5 Rb8 53. h4 Rd8 54. h5 Rd6+ 55. Ke5 Rh6 56. Kf4 Rd6 57. Ke5 Rh6 58. Ke4 Ke7
59. Rg5 Kf7 60. Rf5+ Ke7 61. Kd3 Kd6 62. Rg5 Kc7 63. Kc4 Kb6 64. Kb4 Rd6 65.
Kc4 Rh6 66. Kd3 Kc7 67. Rc5 Kd6 68. Kc4 Rf6 69. Rg5 Rf1 70. Rg6+ Kd7 71. h6
Rc1+ 72. Kd3 Rd1+ 73. Kc3 Rh1 74. Rg7+ Kd6 75. h7 Rc1+ 76. Kb4 Rh1 77. Kc4 Rc1+
78. Kb4 Rh1 1/2-1/2

[Event "33. Copenhagen Open (Politiken Cup)"]
[Site "Elsinore"]
[Date "2011.08.03"]
[Round "6"]
[White "Berni, Fabrizio"]
[Black "Rewitz, Poul"]
[Result "0-1"]
[WhiteElo "2147"]
[BlackElo "2309"]
[PlyCount "58"]
[EventDate "2011.07.30"]
[EventType "swiss"]
[EventRounds "10"]
[EventCountry "DEN"]
[Source "ChessBase"]
[SourceDate "2011.08.29"]

1. e4 c6 2. d4 d5 3. Nc3 b5 4. a3 dxe4 5. Nxe4 Bf5 6. Ng3 Bg6 7. a4 b4 8. Bc4
e6 9. N1e2 Bd6 10. h4 h6 11. Nf4 Ne7 12. Nxg6 Nxg6 13. Ne4 Bc7 14. h5 Ne7 15.
c3 a5 16. Qg4 Nf5 17. Bxe6 fxe6 18. Qg6+ Ke7 19. Ng5 Qg8 20. g4 Nd6 21. O-O
hxg5 22. Bxg5+ Kd7 23. Rae1 Na6 24. f4 Re8 25. Qd3 Nb8 26. c4 Qh7 27. f5 exf5
28. c5 Rxe1 29. Rxe1 Ne4 0-1

[Event "33. Copenhagen Open (Politiken Cup)"]
[Site "Elsinore"]
[Date "2011.08.03"]
[Round "6"]
[White "Brastein, Lars R"]
[Black "Zachariassen, John"]
[Result "1/2-1/2"]
[WhiteElo "2115"]
[BlackElo "1936"]
[PlyCount "129"]
[EventDate "2011.07.30"]
[EventType "swiss"]
[EventRounds "10"]
[EventCountry "DEN"]
[Source "ChessBase"]
[SourceDate "2011.08.29"]

1. d4 Nf6 2. Nf3 d6 3. c4 Nbd7 4. Nc3 e5 5. e4 Be7 6. Be2 c6 7. O-O O-O 8. Qc2
Qc7 9. Rd1 Re8 10. h3 Nf8 11. Be3 h6 12. Rab1 g5 13. dxe5 dxe5 14. Nh2 Ng6 15.
Ng4 Nxg4 16. Bxg4 Nf4 17. Kh2 Kg7 18. Rd2 Ne6 19. Ne2 Kg8 20. Ng3 Bf8 21. Kh1
Be7 22. a3 a5 23. Nf5 Bf8 24. c5 Bd7 25. Rbd1 Red8 26. g3 Nd4 27. Nxd4 Bxg4 28.
hxg4 exd4 29. Bxd4 Qc8 30. f3 Qe6 31. Kg2 a4 32. Qc3 Rd7 33. Kf2 Rad8 34. Ke2
Rd5 35. Ke3 R5d7 36. Qb4 b5 37. Bc3 Rxd2 38. Rxd2 Rxd2 39. Kxd2 Qe7 40. Qd4 f6
41. Qxf6 Qxf6 42. Bxf6 Bxc5 43. f4 Kf7 44. fxg5 Kg6 45. Kd3 Bf2 46. e5 hxg5 47.
Ke4 Bxg3 48. Be7 Bf4 49. Bc5 Bc1 50. Bd4 c5 51. Bc3 b4 52. axb4 cxb4 53. Bxb4
Bxb2 54. Kd3 Kf7 55. Kc4 Ke6 56. Bd2 Kxe5 57. Bxg5 Ke6 58. Kb4 a3 59. Kb3 Kf7
60. Bd2 Kg6 61. Bb4 Bf6 62. Bxa3 Bd8 63. Bc1 Bc7 64. Kc4 Bb8 65. Kd5 1/2-1/2

[Event "33. Copenhagen Open (Politiken Cup)"]
[Site "Elsinore"]
[Date "2011.08.03"]
[Round "6"]
[White "Bratteteig, Tore Inge"]
[Black "Hess, Peter"]
[Result "1/2-1/2"]
[WhiteElo "1671"]
[BlackElo "1948"]
[PlyCount "45"]
[EventDate "2011.07.30"]
[EventType "swiss"]
[EventRounds "10"]
[EventCountry "DEN"]
[Source "ChessBase"]
[SourceDate "2011.08.29"]

1. d4 d5 2. Nf3 Nf6 3. e3 Bf5 4. c4 c6 5. Nc3 e6 6. a3 a5 7. Bd3 Bg6 8. b3 Nbd7
9. Qc2 Rc8 10. c5 b5 11. b4 a4 12. O-O Be7 13. Bb2 O-O 14. Rfe1 Qc7 15. e4 dxe4
16. Nxe4 Nxe4 17. Bxe4 Bxe4 18. Qxe4 Nf6 19. Qe5 Nd5 20. Qxc7 Rxc7 21. Ne5 Re8
22. g3 g6 23. f4 1/2-1/2

[Event "33. Copenhagen Open (Politiken Cup)"]
[Site "Elsinore"]
[Date "2011.08.03"]
[Round "6"]
[White "Bremer, Erik"]
[Black "Gupta, Sudhir Kumar"]
[Result "1/2-1/2"]
[WhiteElo "1578"]
[BlackElo "1791"]
[PlyCount "58"]
[EventDate "2011.07.30"]
[EventType "swiss"]
[EventRounds "10"]
[EventCountry "DEN"]
[Source "ChessBase"]
[SourceDate "2011.08.29"]

1. f4 Nf6 2. Nf3 d5 3. e3 c5 4. b3 Nc6 5. Bb5 Bd7 6. O-O a6 7. Bxc6 Bxc6 8. Bb2
e6 9. Ne5 Rc8 10. d3 Be7 11. Nd2 O-O 12. Ndf3 Nd7 13. Qe1 Nxe5 14. Nxe5 f6 15.
Nxc6 Rxc6 16. Rf3 f5 17. Rd1 Bf6 18. Bxf6 Qxf6 19. c4 dxc4 20. dxc4 Rd8 21. Rf2
Rcd6 22. Rxd6 Rxd6 23. Rd2 Qd8 24. Rxd6 Qxd6 25. Qe2 g6 26. g3 e5 27. Kf1 e4
28. Ke1 Kf7 29. Qd2 Qxd2+ 1/2-1/2

[Event "33. Copenhagen Open (Politiken Cup)"]
[Site "Elsinore"]
[Date "2011.08.03"]
[Round "6"]
[White "Brobakken, Geir"]
[Black "Christensen, Bo Garner"]
[Result "0-1"]
[WhiteElo "1966"]
[BlackElo "2289"]
[PlyCount "92"]
[EventDate "2011.07.30"]
[EventType "swiss"]
[EventRounds "10"]
[EventCountry "DEN"]
[Source "ChessBase"]
[SourceDate "2011.08.29"]

1. e4 c5 2. b3 Nc6 3. Bb2 d6 4. f4 e5 5. Nf3 exf4 6. Bb5 Nf6 7. Nc3 Be7 8. d3
Bg4 9. O-O O-O 10. Qd2 Ne5 11. Qxf4 Nh5 12. Qe3 Bxf3 13. gxf3 Bg5 14. Qe2 Nf4
15. Qe1 Bh4 16. Qd2 Neg6 17. Kh1 Bf6 18. Nd1 d5 19. exd5 a6 20. Bc4 b5 21. Bxf6
Qxf6 22. Nf2 Rae8 23. Ne4 Qh4 24. Rae1 bxc4 25. dxc4 Qh3 26. Qf2 f5 27. Nxc5
Rxe1 28. Rxe1 Nh4 29. d6 Nh5 30. Ne6 f4 31. Ng5 Ng3+ 32. Kg1 Qf5 33. Ne4 Nxe4
34. Rxe4 Qh3 35. Re7 Nxf3+ 36. Kh1 Nh4 37. Re4 Qg4 38. Rd4 Re8 39. Rd2 Qf3+ 40.
Kg1 Qg4+ 41. Kh1 f3 42. Qg3 f2 43. Qxf2 Qe4+ 44. Kg1 Nf3+ 45. Kf1 Nxd2+ 46.
Qxd2 Qh1+ 0-1

[Event "33. Copenhagen Open (Politiken Cup)"]
[Site "Elsinore"]
[Date "2011.08.03"]
[Round "6"]
[White "Brobakken, Jorgen"]
[Black "Hjornevik, Oyvind"]
[Result "1-0"]
[WhiteElo "1000"]
[BlackElo "1000"]
[PlyCount "107"]
[EventDate "2011.07.30"]
[EventType "swiss"]
[EventRounds "10"]
[EventCountry "DEN"]
[Source "ChessBase"]
[SourceDate "2011.08.29"]

1. Nf3 d5 2. g3 Nc6 3. d3 e5 4. Nbd2 Bg4 5. Bg2 Nf6 6. O-O Bc5 7. c3 d4 8. Qc2
dxc3 9. Qxc3 Bd4 10. Qc2 O-O 11. e3 Nb4 12. Qb3 Bc5 13. a3 Nxd3 14. Qc3 Qd6 15.
Ng5 h6 16. Nge4 Nxe4 17. Nxe4 Qc6 18. Rd1 Bxd1 19. Qd2 Rad8 20. Qxd1 Nxb2 21.
Qc2 f5 22. Nxc5 e4 23. Bxb2 Rd5 24. Qc3 Rf6 25. Qb3 Qxc5 26. Bxf6 gxf6 27. Rd1
c6 28. Rxd5 cxd5 29. Qxb7 Qxa3 30. Qxd5+ Kf8 31. Qxf5 Qa1+ 32. Bf1 Qe5 33. Qxe5
fxe5 34. Kg2 a5 35. Bb5 Kf7 36. f3 exf3+ 37. Kxf3 Kf6 38. e4 Kg6 39. h4 Kf6 40.
g4 Kg6 41. Be8+ Kf6 42. Ke3 Ke7 43. Ba4 Kf6 44. Kd3 Kg6 45. h5+ Kg5 46. Bd7 Kf4
47. Be6 a4 48. Kc3 Kxe4 49. g5 a3 50. g6 Kf4 51. g7 e4 52. g8=Q e3 53. Qg4+ Ke5
54. Ba2 1-0

[Event "33. Copenhagen Open (Politiken Cup)"]
[Site "Elsinore"]
[Date "2011.08.03"]
[Round "6"]
[White "Brondum, Eric"]
[Black "Aartun, Magnus"]
[Result "1-0"]
[WhiteElo "2112"]
[BlackElo "1788"]
[PlyCount "79"]
[EventDate "2011.07.30"]
[EventType "swiss"]
[EventRounds "10"]
[EventCountry "DEN"]
[Source "ChessBase"]
[SourceDate "2011.08.29"]

1. Nf3 Nf6 2. g3 d5 3. Bg2 Bf5 4. b3 Nc6 5. Bb2 Qd7 6. h3 g6 7. g4 Bxg4 8. hxg4
Qxg4 9. Bh3 Qb4 10. a3 Qb6 11. e3 Bg7 12. d3 Rd8 13. Nbd2 h6 14. Qe2 g5 15. Bg2
g4 16. Ne5 h5 17. Nxc6 bxc6 18. O-O-O a5 19. e4 d4 20. Nc4 Qb5 21. a4 Qb4 22.
Kb1 Rb8 23. Ka2 Qc5 24. Ba3 Qg5 25. Bc1 Qc5 26. Bf4 Rb7 27. Bg3 e6 28. Bh4 Nd7
29. f3 Ne5 30. fxg4 Nxg4 31. Bf3 Ne5 32. Rhg1 Nxc4 33. dxc4 Bf8 34. Bf6 e5 35.
Rg5 Qa3+ 36. Kb1 Bb4 37. Rxe5+ Kd7 38. Bg4+ hxg4 39. Qxg4+ Kd6 40. Rxd4# 1-0